Géographie de Mars - Carte Quiz - Statistiques

Statistiques générales
  • Ce quiz a été pris 99 fois
  • Le résultat moyen est 3 sur 13
Réponses sur la Carte
Les réponses sont colorées sur une échelle allant du rouge au vert en fonction du pourcentage des utilisateurs qui les ont devinées à leur premier essai. Vous pouvez retrouver ces pourcentages ci-dessous.
 
Statistiques - réponses
Réponse % Correct
Olympus Mons
64%
Vastitas Borealis
30%
Valles Marineris
28%
Alba Mons
26%
Elysium Mons
21%
Tharsis
21%
Ascraeus Mons
19%
Hellas Planitia
19%
Noctis Labyrinthus
19%
Argyre Planitia
17%
Arsia Mons
17%
Pavonis Mons
17%
Chryse Planitia
4%
Aucun quiz correspondant
Distribution des résultats
% des personnes avec chaque résultat
Percentile par nombre de réponses
Votre historique - résultats
Vous n’avez pas pris ce quiz